3 największe miasta w województwie lubelskim zawierające literę - Statystyki

Ogólne statystyki
  • Ten quiz został rozwiązany 46 razy
    13 od ostatniego zresetowania
  • Średni wynik to 75 z 87
Statystyki odpowiedzi
Litera Odpowiedź % Poprawnych
Biała Podlaska
100%
Biała Podlaska
100%
D Biała Podlaska
100%
Biała Podlaska
100%
K Biała Podlaska
100%
Biała Podlaska
100%
Biała Podlaska
100%
Biała Podlaska
100%
P Biała Podlaska
100%
S Biała Podlaska
100%
C Chełm
100%
E Chełm
100%
H Chełm
100%
Ł Chełm
100%
Chełm
100%
B Lublin
100%
I Lublin
100%
L Lublin
100%
N Lublin
100%
U Lublin
100%
Puławy
100%
Puławy
100%
Puławy
100%
Puławy
100%
W Puławy
100%
Y Puławy
100%
Świdnik
100%
Świdnik
100%
Świdnik
100%
Świdnik
100%
Świdnik
100%
Świdnik
100%
A Zamość
100%
Ć Zamość
100%
M Zamość
100%
O Zamość
100%
Ś Zamość
100%
Z Zamość
100%
Biłgoraj
89%
G Biłgoraj
89%
J Biłgoraj
89%
Biłgoraj
89%
Biłgoraj
89%
Dęblin
89%
Hrubieszów
89%
Hrubieszów
89%
Kraśnik
89%
Kraśnik
89%
R Kraśnik
89%
Kraśnik
89%
Krasnystaw
89%
Krasnystaw
89%
Krasnystaw
89%
Goraj
78%
Janów Lubelski
78%
Lubartów
78%
Lubartów
78%
Lubartów
78%
T Lubartów
78%
Międzyrzec Podlaski
78%
Międzyrzec Podlaski
78%
Międzyrzec Podlaski
78%
Międzyrzec Podlaski
78%
Międzyrzec Podlaski
78%
Ń Radzyń Podlaski
78%
Tomaszów Lubelski
78%
Tomaszów Lubelski
78%
Tomaszów Lubelski
78%
Tomaszów Lubelski
78%
Tomaszów Lubelski
78%
Tomaszów Lubelski
78%
Bychawa
67%
Frampol
67%
Józefów
67%
Ą Józefów nad Wisłą
67%
Łęczna
67%
Ę Łęczna
67%
Łęczna
67%
Ó Łuków
67%
Łuków
67%
Łuków
67%
F Rejowiec Fabryczny
67%
Rejowiec Fabryczny
67%
Ż Bełżyce
56%
Tarnogród
56%
Wąwolnica
56%
Końskowola
44%
Nie znaleziono quizów pasujących do podanych kryteriów
Rozkład punktacji
Procent ludzi z każdym wynikiem
Percentyl według liczby udzielonych odpowiedzi
Twoja historia wyników
Nie rozwiązałeś tego quizu od ostatniego zresetowania